Online
Catalog

Las siete leyes de la enseñanza / (Record no. 14730)

MARC details
000 -CABECERA
campo de control de longitud fija 00894cam a2200229 a 4500
001 - NÚMERO DE CONTROL
campo de control 000015159
005 - FECHA Y HORA DE LA ÚLTIMA TRANSACCIÓN
campo de control 20200929163954.0
008 - DATOS DE LONGITUD FIJA--INFORMACIÓN GENERAL
campo de control de longitud fija 840808s1969 ag 000 0 spa d
040 ## - FUENTE DE LA CATALOGACIÓN
Centro catalogador/agencia de origen DO-SdBNP
Lengua de catalogación spa
Centro/agencia transcriptor BNPHU
082 ## - NÚMERO DE LA CLASIFICACIÓN DECIMAL DEWEY
Número de clasificación 372.13
Número de documento/Ítem G822s, 1969
100 1# - ENTRADA PRINCIPAL--NOMBRE DE PERSONA
Nombre de persona Gregory, Juan Milton,
Fechas asociadas al nombre 1822-1898.
9 (RLIN) 34314
245 14 - MENCIÓN DE TÍTULO
Título Las siete leyes de la enseñanza /
Mención de responsabilidad, etc. Juan Milton Gregory ; edición Guillermo C. Bagley y Warren K. Layton ; traducción Alfredo S. Rodríguez y García.
250 ## - MENCIÓN DE EDICIÓN
Mención de edición 5a ed.
260 ## - PUBLICACIÓN, DISTRIBUCIÓN, ETC.
Lugar de publicación, distribución, etc. Argentina :
Nombre del editor, distribuidor, etc. Casa Bautista de Publicaciones,
Fecha de publicación, distribución, etc. 1969.
300 ## - DESCRIPCIÓN FÍSICA
Extensión 109 p. ;
Dimensiones 19 cm.
650 #4 - PUNTO DE ACCESO ADICIONAL DE MATERIA--TÉRMINO DE MATERIA
Término de materia o nombre geográfico como elemento de entrada Métodos de enseñanza
9 (RLIN) 2196
650 #4 - PUNTO DE ACCESO ADICIONAL DE MATERIA--TÉRMINO DE MATERIA
Término de materia o nombre geográfico como elemento de entrada Educación tecnológica
9 (RLIN) 17552
650 #4 - PUNTO DE ACCESO ADICIONAL DE MATERIA--TÉRMINO DE MATERIA
Término de materia o nombre geográfico como elemento de entrada Tecnicas de enseñanza
9 (RLIN) 17438
700 1# - PUNTO DE ACCESO ADICIONAL--NOMBRE DE PERSONA
Nombre de persona Bagley, Guillermo C.
Fechas asociadas al nombre 1874-1946.
Término indicativo de función/relación ed.
9 (RLIN) 34315
700 1# - PUNTO DE ACCESO ADICIONAL--NOMBRE DE PERSONA
Nombre de persona Layton, Warren K.,
Término indicativo de función/relación ed.
9 (RLIN) 34316
700 1# - PUNTO DE ACCESO ADICIONAL--NOMBRE DE PERSONA
Nombre de persona Rodríguez y García, Alfredo,
Fechas asociadas al nombre 1884-
Término indicativo de función/relación tr.
9 (RLIN) 34317
Holdings
Estado de retiro Estado de pérdida Restricciones de uso No para préstamo Código de colección Localización permanente Ubicación/localización actual Ubicación en estantería Fecha de adquisición Número de inventario Total de préstamos Signatura topográfica completa Código de barras Fecha visto por última vez Precio válido a partir de Tipo de ítem Koha
      Excluido de préstamo Monografías: Libros y Folletos General General Depósito 01.02.2010 LF1   372.13 G822s, 1969 15159-10 25.06.2020 25.06.2020 No se presta

Powered by Koha